000 00597nam a2200241Ia 4500
003 OSt
005 20220924151721.0
006 a|||||r|||| 00| 0
007 ta
008 220923b |||||||| |||| 00| 0 tel d
020 _c195
024 _a338812
037 _cTextual
040 _aARTS
_cARTS
_btel
041 _2tel
_atel
082 _aU8.445213, 35N1
100 _aViraswami Enugula
_9224818
245 0 _aKasiyatra caritra
260 _c1991
650 _aGEOGRAPHY
942 _hU8.445213, 35N1
_cTEXL
_2CC
999 _c467505
_d467505